00805nam a2200241Ia 450000500170000000800390001702000150005604100080007110000210007924500900010025000220019030000240021265000450023665000330028165000450031470000380035926400320039733600270042933700330045633800280048904000350051708400110055220220316235643.0121119s2002 sp gr6 000 0 spa a84261096591 aspa0 aHerged1907-198313aLa estrella misteriosacHergé ; traducción del francés de Concepcíon Zendrera aPrimera edición a62 páginasc30 cm14aTiras cómicas, historietas, etc.2LEMB14aHistorias de aventuras2LEMB14aLiteratura juvenil belgaySiglo XX2LEMB1 aZendrera, Concepciónetraductor aBarcelona bJuventud c2002 atextobtxt2rdacontent asin mediaciónbn2rdamedia avolumenbnc2rdacarrier aCO-BoRNBPbspaerdacCO-BoRNBP aH HER5